000 00757nam a2200241Ia 4500
003 OSt
005 20221005104424.0
006 a|||||r|||| 00| 0
007 ta
008 221004b |||||||| |||| 00| 0 hin d
024 _a64209
037 _cTextual
040 _aCRL
_cCRL
_bhin
041 _2hin
_ahin
082 _aQ4, 152P1
100 _aताराराम, ले.
245 0 _aबौद्ध धर्म का मूल तत्व
246 _aBauddha dharma kā mūl tatva
260 _aदिल्ली
_bभारतीय बौद्ध महासभा भारत
_c2001
300 _a120पृ0
_ccm.
942 _hQ4, 152P1
_cTEXL
_2cc
999 _c1012677
_d1012677